Normal view
MARC view
- Feliciano S. Danipog
Entry Personal Name
001 - CONTROL NUMBER
- control field: 32008
003 - CONTROL NUMBER IDENTIFIER
- control field: OSt
005 - DATE AND TIME OF LATEST TRANSACTION
- control field: 20181008162513.0
008 - FIXED-LENGTH DATA ELEMENTS
- fixed length control field: 181008|| aca||aabn | a|a d
040 ## - CATALOGING SOURCE
- Original cataloging agency: OSt
100 ## - HEADING--PERSONAL NAME
- Personal name: Feliciano S. Danipog
